000 00975nam a22002297a 4500
999 _c17377
_d17377
003 AR-CdUCM
008 190508b ||||| |||| 00| 0 spa d
040 _aMUNICIPALIDAD PROVINCIAL DEL CUSCO
_cBIBLIOTECA MUNICIPAL DEL CUSCO
082 _22ed.
_a549 /
_bR97
100 _aRutley, F.
_937356
245 _aElementos de minerología /
260 _aBarcelona :
_bGustavo Gili,
_c1959.
300 _a443 paginas ;
_bIlustraciones,
_c22 cm.
505 _aContenido : Propiedades de los minerales -- La química de los minerales -- Algunas propiedades físicas de los minerales -- Caracteres dependientes del calor -- Las propiedades ópticas de los minerales -- Descripción de los minerales...
650 _aMinerales
_919427
650 _aMinerales de sodio
_937357
650 _aEstructura de los minerales
_937358
650 _aYacimientos de minerales
_937359
700 _aPardillo, Francisco (Traducción)
_937360
942 _2ddc
_cLIBROS
945 _awnts
_d2019-05-08